| 000 | 00783nam a2200241Ia 4500 | ||
|---|---|---|---|
| 003 | GCL | ||
| 008 | 140319s9999 xx 000 0 ara d | ||
| 040 |
_aGCL / _cGCL |
||
| 082 | 0 | 4 |
_a810.9 _bع ا |
| 100 | 1 | _aعلى مهدى زيتون | |
| 245 | 1 | 0 |
_aاعجاز القران واثره فى تطور النقد الادبى / _cعلى مهدى زيتون |
| 260 |
_a[S.N] : _bدار المشرق ، _c1992 |
||
| 300 | _a460ص | ||
| 490 |
_aنصوص ودروس _ المجموعة الادبية _v0 |
||
| 650 | 0 | 4 | _aالنقد |
| 650 | 0 | 4 | _aالاسلوب , علم |
| 650 | 0 | 4 | _aالبلاغة العربية |
| 650 | 0 | 4 | _aتاريخ ونقد |
| 650 | 0 | 4 | _aالدلالة |
| 650 | 0 | 4 | _aالقران - بلاغة |
| 650 | 0 | 4 | _aالقران - اعجاز |
| 942 |
_2ddc _cBK |
||
| 999 |
_c37345 _d37345 |
||